| 000 | 01256nam a2200241Ia 4500 | ||
|---|---|---|---|
| 999 |
_c40758 _d40758 |
||
| 001 | 7397 | ||
| 003 | GE_BSU | ||
| 005 | 20191224173613.0 | ||
| 008 | 181216s2013||||ge |||||||||||||| ||geo|| | ||
| 020 | _a9789941434273 | ||
| 040 | _cGE_BSU | ||
| 041 | _ageo | ||
| 080 | _a821.353.1-1+821.353.1-1+929.55 შ-16 | ||
| 100 |
_aშავლაძე, თეა _95961 |
||
| 245 |
_aეპიტაფია როგორც ტექსტობრივი ფენომენი და მისი ძირითადი ტიპები ქართულ და ანგლო-ამერიკულ კულტურებში : _bმონოგრაფია / _cთეა შავლაძე ; რედ. ნინო კირვალიძე. |
||
| 264 |
_aბათუმი : _bშოთა რუსთაველის სახ. უნ-ტი, _c2013. |
||
| 300 |
_a202 გვ.; _b21 სმ. |
||
| 504 | _a ბიბლიოგრ.: გვ. 198-202. | ||
| 653 | _aქართული ეპიტაფიები | ||
| 653 | _aინგლისურენოვანი ეპიტაფიები | ||
| 700 |
_aკირვალიძე, ნინო _eრედაქტორი _95962 |
||
| 942 |
_cBK _2udc |
||